Country Compass - Yemen - Statistics

General Stats
  • This quiz has been taken 6 times
  • The average score is 12 of 16
Answer Stats
Country % Correct
Egypt
100%
Afghanistan
80%
Armenia
80%
Azerbaijan
80%
Central African Republic
80%
Chad
80%
India
80%
Libya
80%
Sudan
80%
Turkey
80%
Burundi
60%
Democratic Republic of the Congo
60%
Pakistan
60%
Rwanda
60%
Tanzania
60%
Turkmenistan
60%
No matching quizzes found
Score Distribution
Percent of People with Each Score
Percentile by Number Answered
Your Score History
You have not taken this quiz